000 01039cam a2200205 4500
001 WB3944-02
008 031119n2003 000 0 eng u
035 _a(Sirsi) u124371
245 _aNational Monuments Record consultation launched
260 _c2003
490 _aEnglish Heritage News Release
_v 13 November 2003 (2)
520 _aEnglish Heritage has launched a consultation paper to consider the future of the National Monuments Record. Comments are welcome from special interest groups as well as members of the public. Responses must be in by 4 February 2003. Copies of the document can be downloaded from http://www.english-heritage.org.uk or e [email protected]. http://www.english-heritage.org.uk/default.asp?WCI=NewsItem&WCE=365
590 _aWB
650 _aNATIONAL MONUMENTS RECORD
650 _aHISTORIC MONUMENTS
650 _aHISTORIC ENVIRONMENT
650 _aCONSULTATION DOCUMENTS
690 _aBUILT ENVIRONMENT-BUILDING MAINTENANCE AND REFURBISHMENT-BUILDING CONSERVATION
942 _n0
999 _c73809
_d73809